<?xml version="1.0" encoding="UTF-8"?>
<record
    xmlns:xsi="http://www.w3.org/2001/XMLSchema-instance"
    xsi:schemaLocation="http://www.loc.gov/MARC21/slim http://www.loc.gov/standards/marcxml/schema/MARC21slim.xsd"
    xmlns="http://www.loc.gov/MARC21/slim">

  <leader>00869nam a22001697a 4500</leader>
  <datafield tag="952" ind1=" " ind2=" ">
    <subfield code="0">0</subfield>
    <subfield code="1">0</subfield>
    <subfield code="2">ddc</subfield>
    <subfield code="4">0</subfield>
    <subfield code="7">0</subfield>
    <subfield code="8">NFIC</subfield>
    <subfield code="a">ASL</subfield>
    <subfield code="b">ASL</subfield>
    <subfield code="c">GEN</subfield>
    <subfield code="d">2021-06-29</subfield>
    <subfield code="e">Complimentary</subfield>
    <subfield code="l">0</subfield>
    <subfield code="o">302.2242 TEN</subfield>
    <subfield code="p">110028</subfield>
    <subfield code="r">2021-06-29 00:00:00</subfield>
    <subfield code="t">C-1</subfield>
    <subfield code="w">2021-06-29</subfield>
    <subfield code="y">BK</subfield>
  </datafield>
  <datafield tag="999" ind1=" " ind2=" ">
    <subfield code="c">25289</subfield>
    <subfield code="d">25289</subfield>
  </datafield>
  <controlfield tag="003">BDDh-ASL</controlfield>
  <controlfield tag="005">20231015030454.0</controlfield>
  <controlfield tag="008">210629s1984    bg ||||| |||| 00| 0 eng d</controlfield>
  <datafield tag="040" ind1=" " ind2=" ">
    <subfield code="a">BDDh-ASL</subfield>
    <subfield code="c">BDDh-ASL</subfield>
  </datafield>
  <datafield tag="082" ind1=" " ind2=" ">
    <subfield code="a">302.2242</subfield>
    <subfield code="b">TEN </subfield>
  </datafield>
  <datafield tag="110" ind1="1" ind2=" ">
    <subfield code="9">3119</subfield>
    <subfield code="a">Ministry of Foreign Affairs</subfield>
    <subfield code="b">Government of the People's Republic of Bangladesh</subfield>
  </datafield>
  <datafield tag="245" ind1="0" ind2="0">
    <subfield code="a">Ten Years of Bangladesh in the United Nations: </subfield>
    <subfield code="b">Speeches of Heads of State Heads of Government and Foreign Ministers of Bangladesh at the UN General Assembly, 1974-1984 / </subfield>
  </datafield>
  <datafield tag="260" ind1=" " ind2=" ">
    <subfield code="a">Dhaka:</subfield>
    <subfield code="b">Ministry of Foreign Affairs,Government of the People's Republic of Bangladesh, </subfield>
    <subfield code="c">1984. </subfield>
  </datafield>
  <datafield tag="300" ind1=" " ind2=" ">
    <subfield code="a">123 p. : </subfield>
    <subfield code="c">23 cm. </subfield>
  </datafield>
  <datafield tag="650" ind1=" " ind2="0">
    <subfield code="a">Speeches, &#x9AC;&#x995;&#x9CD;&#x9A4;&#x9C3;&#x9A4;&#x9BE;, Baktr&#x325;t&#x101;, &#x9AD;&#x9BE;&#x9B7;&#x9A3;, &#x9AC;&#x995;&#x9CD;&#x9A4;&#x9C3;&#x9A4;&#x9BE;&#x9AE;&#x9BE;&#x9B2;&#x9BE;, Baktr&#x325;t&#x101;m&#x101;l&#x101;, speech, address, lecture, oration, say, utterance</subfield>
    <subfield code="9">4148</subfield>
  </datafield>
  <datafield tag="942" ind1=" " ind2=" ">
    <subfield code="2">ddc</subfield>
    <subfield code="c">BK</subfield>
  </datafield>
</record>
